[Event "11e Open International de La Fere"]
[Site "La Fere (FRA)"]
[Date "2012.07.07"]
[Round "1.33"]
[White "Roux, Jean-Francois"]
[Black "Sergent, Gaspard"]
[Result "0-1"]
[WhiteElo "1656"]
[BlackElo "1530"]
[PlyCount "74"]
[EventDate "2012.??.??"]

1. d4 d5 2. c4 c6 3. Nf3 Nf6 4. Nc3 e6 5. e3 Nbd7 6. Bd3 Bb4 7. O-O O-O 8. Qc2
dxc4 9. Bxc4 Qc7 10. Bd3 e5 11. Ne4 Bd6 12. Nxd6 Qxd6 13. dxe5 Nxe5 14. Nxe5
Qxe5 15. Bd2 Qg5 16. e4 Qh5 17. Bf4 Qg4 18. Bg3 Re8 19. f3 Qg5 20. f4 Qh5 21.
f5 Qg5 22. Bf4 Qh4 23. Bg3 Qg5 24. Rae1 Ng4 25. Bf4 Qd8 26. e5 Qd4+ 27. Kh1
Nxe5 28. Be3 Qxd3 29. Qxd3 Nxd3 30. Rd1 Rxe3 31. Kg1 h6 32. g3 b6 33. b3 Ba6
34. Rd2 Ne5 35. Rff2 Nf3+ 36. Rxf3 Rxf3 37. Kg2 Rxf5 0-1

[Event "11e Open International de La Fere"]
[Site "La Fere (FRA)"]
[Date "2012.07.07"]
[Round "1.35"]
[White "Nal, Patrick"]
[Black "Dincq, Michel"]
[Result "1/2-1/2"]
[WhiteElo "1647"]
[BlackElo "1512"]
[PlyCount "68"]
[EventDate "2012.??.??"]

1. d4 d5 2. c4 e6 3. Nc3 Be7 4. Nf3 Nf6 5. Bg5 h6 6. Bh4 b6 7. e3 Bb7 8. Bd3
dxc4 9. Bxc4 O-O 10. O-O Nbd7 11. Be2 Nd5 12. Bxe7 Qxe7 13. a3 N7f6 14. Rc1
Rac8 15. Ne5 Nxc3 16. Rxc3 c6 17. Bd3 Rfd8 18. Qe2 c5 19. dxc5 Rxc5 20. Rxc5
Qxc5 21. Nf3 Bxf3 22. gxf3 Qg5+ 23. Kh1 Nd7 24. Rg1 Qc5 25. Rd1 g6 26. Bc4 Qg5
27. b4 Ne5 28. Rxd8+ Qxd8 29. Kg2 Qg5+ 30. Kh1 Qh5 31. Kg2 Qh4 32. Bb5 Qg5+ 33.
Kh1 Qh5 34. Kg2 Qg5+ 1/2-1/2

[Event "11e Open International de La Fere"]
[Site "La Fere (FRA)"]
[Date "2012.07.07"]
[Round "1.36"]
[White "Gaudin, Roger"]
[Black "Bracq, Gregory"]
[Result "1-0"]
[WhiteElo "1506"]
[BlackElo "1642"]
[PlyCount "53"]
[EventDate "2012.??.??"]

1. d4 Nf6 2. c4 g6 3. Nc3 Bg7 4. e4 d6 5. Bg5 O-O 6. Bd3 Nbd7 7. f4 e5 8. fxe5
dxe5 9. d5 a6 10. b4 b6 11. Nf3 Qe8 12. O-O h6 13. Bh4 Nh5 14. Bf2 Ndf6 15. c5
Ng4 16. Qd2 Nxf2 17. Rxf2 f5 18. Bc4 Kh8 19. Raf1 f4 20. cxb6 cxb6 21. d6 Nf6
22. Rd1 Bd7 23. Qc2 b5 24. Bd5 Bc6 25. Bxc6 Qxc6 26. Nxe5 Qc8 27. Nxg6+ 1-0

[Event "11e Open International de La Fere"]
[Site "La Fere (FRA)"]
[Date "2012.07.07"]
[Round "1.37"]
[White "Herman, Jose"]
[Black "Lapersonne, Patrick"]
[Result "1-0"]
[WhiteElo "1641"]
[BlackElo "1504"]
[PlyCount "106"]
[EventDate "2012.??.??"]

1. d4 Nf6 2. c4 g6 3. Nf3 Bg7 4. Nc3 O-O 5. Bg5 d6 6. e3 Bf5 7. Bd3 Bxd3 8.
Qxd3 Na6 9. a3 c5 10. O-O cxd4 11. exd4 Rc8 12. Rac1 Nc7 13. b4 Ne6 14. Rfe1
Nxg5 15. Nxg5 a5 16. Nf3 e6 17. Ne4 axb4 18. axb4 Nxe4 19. Qxe4 d5 20. cxd5
Rxc1 21. Rxc1 exd5 22. Qc2 Qb6 23. Qc5 Qxc5 24. Rxc5 Ra8 25. g3 Ra4 26. Rb5 Bf8
27. Rxb7 Rxb4 28. Rxb4 Bxb4 29. Kf1 Kf8 30. Ke2 Ke7 31. Ne5 Bd6 32. Nf3 h6 33.
Nd2 f5 34. Nb1 g5 35. Nc3 Ke6 36. Kf3 g4+ 37. Ke3 Bb4 38. Ne2 Be7 39. f4 Bb4
40. Nc1 Kd6 41. Nd3 Ba5 42. Ne5 Ke6 43. Nd3 Kd6 44. Nc5 Bb6 45. Nb3 Kc6 46. Kd3
Kb5 47. Nd2 Kb4 48. Nf1 Kb3 49. Ne3 Ba5 50. Nxd5 Be1 51. Ne3 Kb4 52. Nxf5 Bf2
53. Nxh6 Bg1 1-0

[Event "11e Open International de La Fere"]
[Site "La Fere (FRA)"]
[Date "2012.07.07"]
[Round "1.38"]
[White "Tonneau, Bastien"]
[Black "Bracq, Christian"]
[Result "0-1"]
[WhiteElo "1504"]
[BlackElo "1640"]
[PlyCount "118"]
[EventDate "2012.??.??"]

1. e4 e6 2. Nf3 d5 3. e5 c5 4. d4 cxd4 5. Nxd4 Bc5 6. Be3 Qb6 7. Bb5+ Nc6 8.
Nc3 Bd7 9. Na4 Qa5+ 10. Bd2 Bb4 11. c3 Be7 12. b4 Qc7 13. Bf4 f6 14. Bxc6 bxc6
15. Nf3 g5 16. Bg3 f5 17. Nxg5 h5 18. Qd4 Bxg5 19. Nc5 Ne7 20. h4 Bh6 21. O-O
Ng6 22. Rae1 Rg8 23. Qd1 O-O-O 24. Qxh5 Bf4 25. Qe2 Qb6 26. h5 Bxg3 27. fxg3
Nh8 28. a4 Rxg3 29. a5 Qb5 30. Qd2 Rdg8 31. Rf2 Qc4 32. Re3 Nf7 33. h6 Qh4 34.
Qe2 Rxe3 35. Qxe3 Qxh6 36. Qe2 Rh8 37. Qa6+ Kd8 38. Rf1 Nxe5 39. Nb7+ Ke7 40.
Nc5 Qh2+ 41. Kf2 Qh4+ 42. Ke2 Qc4+ 43. Qxc4 Nxc4 44. Rf3 e5 45. Rg3 Be6 46.
Rg7+ Kf6 47. Rxa7 d4 48. Kd3 dxc3 49. Kxc3 Na3 50. Ra6 Nb5+ 51. Kb2 Bd5 52.
Nd7+ Ke6 53. Nb6 Rh2 54. Nxd5 Rxg2+ 55. Kc1 Kxd5 56. Ra8 f4 57. Rf8 Ra2 58. Rf5
Ke4 59. Rg5 f3 0-1

[Event "11e Open International de La Fere"]
[Site "La Fere (FRA)"]
[Date "2012.07.07"]
[Round "1.39"]
[White "Cretin, Stephane"]
[Black "Delias, Alexis"]
[Result "0-1"]
[WhiteElo "1640"]
[BlackElo "1499"]
[PlyCount "87"]
[EventDate "2012.??.??"]

1. e4 c5 2. c3 Nc6 3. d4 cxd4 4. cxd4 e6 5. Nf3 d5 6. Nc3 Bb4 7. e5 Nge7 8. a3
Ba5 9. Bd3 O-O 10. Bxh7+ Kh8 11. Bc2 Nf5 12. g4 Nh4 13. g5 Nxf3+ 14. Qxf3 g6
15. Be3 Bd7 16. h4 Kg7 17. h5 Rc8 18. Qh3 Rh8 19. Qf3 Qe7 20. Kd2 Bb6 21. Nb5
Nxe5 22. dxe5 Bxb5 23. Bxb6 axb6 24. hxg6 Qxg5+ 25. Qe3 Qxe3+ 26. fxe3 fxg6 27.
Rag1 Rxh1 28. Rxh1 Rf8 29. Rg1 Rf2+ 30. Kc3 Be8 31. Bb1 Rh2 32. b3 Kh7 33. Rf1
Kg7 34. Rf6 Bf7 35. Bd3 Rh5 36. Kd4 g5 37. e4 Rh4 38. Rf1 Bg6 39. Re1 dxe4 40.
Bxe4 Bxe4 41. Rxe4 Rxe4+ 42. Kxe4 Kg6 43. Kf3 Kf5 44. Kg3 0-1

[Event "11e Open International de La Fere"]
[Site "La Fere (FRA)"]
[Date "2012.07.07"]
[Round "1.40"]
[White "Itasse, Justine"]
[Black "Fauchart, Francois"]
[Result "0-1"]
[WhiteElo "1499"]
[BlackElo "1639"]
[PlyCount "52"]
[EventDate "2012.??.??"]

1. e4 c5 2. Nc3 e6 3. g3 Nc6 4. Bg2 Nf6 5. Nf3 e5 6. O-O d6 7. d3 Be7 8. Be3
Nd4 9. b3 O-O 10. a4 a6 11. Nd5 Nxd5 12. exd5 Bg4 13. h3 Nxf3+ 14. Bxf3 Bxh3
15. Bg2 Bxg2 16. Kxg2 f5 17. f4 b5 18. fxe5 dxe5 19. axb5 Qxd5+ 20. Kg1 f4 21.
gxf4 exf4 22. Bxf4 Qd4+ 23. Kg2 Rxf4 24. Rxa6 Qd5+ 25. Kg1 Qg5+ 26. Kh1 Rh4#
0-1

[Event "11e Open International de La Fere"]
[Site "La Fere (FRA)"]
[Date "2012.07.07"]
[Round "1.41"]
[White "Tenot, Fabrice"]
[Black "Cossutta, Nello"]
[Result "1-0"]
[WhiteElo "1620"]
[BlackElo "1455"]
[PlyCount "73"]
[EventDate "2012.??.??"]

1. c4 e5 2. Nc3 Nf6 3. g3 Be7 4. Bg2 O-O 5. Nf3 d6 6. O-O Nc6 7. d3 Rb8 8. a3
a5 9. Qb3 Bd7 10. Rd1 Qc8 11. d4 exd4 12. Nxd4 Nxd4 13. Rxd4 Be6 14. Qb5 b6 15.
Nd5 Nxd5 16. cxd5 Bd7 17. Qd3 Bf6 18. Rf4 Bg5 19. Rd4 Bf6 20. Rf4 Be5 21. Rf3
Bg4 22. Re3 f5 23. f4 Bf6 24. Kf1 Qd7 25. Bf3 Bh3+ 26. Ke1 g5 27. Re6 Qg7 28.
Rb1 gxf4 29. Bxf4 Qf7 30. b3 Rfe8 31. e3 Rxe6 32. dxe6 Qe7 33. Bc6 Bg4 34. Kf2
h5 35. e4 fxe4 36. Qxe4 Bxe6 37. Re1 1-0

[Event "11e Open International de La Fere"]
[Site "La Fere (FRA)"]
[Date "2012.07.07"]
[Round "1.42"]
[White "Wolfangel, Jocelyne"]
[Black "Lalot, Hugues"]
[Result "1/2-1/2"]
[WhiteElo "1452"]
[BlackElo "1612"]
[PlyCount "34"]
[EventDate "2012.??.??"]

1. d4 d5 2. Nf3 Nf6 3. c4 c6 4. Nc3 e6 5. a3 Be7 6. Bg5 Nbd7 7. Qc2 O-O 8. e4
dxe4 9. Nxe4 Nxe4 10. Bxe7 Qxe7 11. Qxe4 Nf6 12. Qh4 c5 13. Bd3 cxd4 14. Bxh7+
Kh8 15. Bd3+ Kg8 16. Bh7+ Kh8 17. Bd3+ Kg8 1/2-1/2

[Event "11e Open International de La Fere"]
[Site "La Fere (FRA)"]
[Date "2012.07.07"]
[Round "1.43"]
[White "Van Poucke, Anthony"]
[Black "Pierret, Paul"]
[Result "1-0"]
[WhiteElo "1611"]
[BlackElo "1449"]
[PlyCount "113"]
[EventDate "2012.??.??"]

1. e4 e5 2. Nf3 d6 3. d4 exd4 4. Nxd4 a6 5. Bc4 c5 6. Nf3 Be7 7. O-O Nd7 8. Bf4
Nb6 9. Be2 Nf6 10. e5 Nfd5 11. exd6 Nxf4 12. dxe7 Qxd1 13. Bxd1 Be6 14. Re1
Nbd5 15. Be2 Nxe7 16. Nbd2 O-O 17. Bc4 Nc6 18. c3 Na5 19. Bxe6 Nxe6 20. Ne5
Rad8 21. Ndf3 b5 22. Nxf7 Kxf7 23. Ne5+ Kg8 24. b4 cxb4 25. cxb4 Nb7 26. Nc6
Rde8 27. Rad1 Ned8 28. Ne7+ Kh8 29. Re3 Nf7 30. Rde1 Nbd6 31. Rh3 Nh6 32. g4
Rf7 33. Rhe3 Rff8 34. Rh3 Nb7 35. Rhe3 Nxg4 36. Ng6+ hxg6 37. Rxe8 Kg8 38. R1e6
Nf6 39. Rxf8+ Kxf8 40. Rxa6 Nc5 41. Rb6 Nd3 42. Rxb5 Nc1 43. a4 Nb3 44. a5 Nd4
45. Rb6 Kg8 46. a6 Nd7 47. Rd6 Nf6 48. Rxd4 Kh7 49. Rh4+ Kg8 50. a7 Nd7 51.
a8=Q+ Kf7 52. Qd5+ Ke7 53. Qxd7+ Kf6 54. Qd6+ Kf7 55. Rf4+ Kg8 56. Qf8+ Kh7 57.
Rh4# 1-0

[Event "11e Open International de La Fere"]
[Site "La Fere (FRA)"]
[Date "2012.07.07"]
[Round "1.44"]
[White "Caloone, Jules"]
[Black "Delias, Gerard"]
[Result "0-1"]
[WhiteElo "1440"]
[BlackElo "1610"]
[PlyCount "42"]
[EventDate "2012.??.??"]

1. e4 c5 2. Nc3 e6 3. Nf3 a6 4. d3 d6 5. Be2 Nf6 6. O-O Nc6 7. Be3 Be7 8. Qd2
O-O 9. Rad1 b5 10. a3 Bb7 11. Na2 Qc7 12. h3 Rfd8 13. Nc3 d5 14. exd5 Nxd5 15.
Nxd5 Rxd5 16. c3 Rad8 17. Qc2 R5d7 18. d4 cxd4 19. cxd4 Bf6 20. Rc1 Qb8 21. Bd3
h6 0-1

[Event "11e Open International de La Fere"]
[Site "La Fere (FRA)"]
[Date "2012.07.07"]
[Round "1.45"]
[White "Gomes, Alexis"]
[Black "Degraeve, Thomas"]
[Result "1-0"]
[WhiteElo "1607"]
[BlackElo "1432"]
[PlyCount "81"]
[EventDate "2012.??.??"]

1. d4 d5 2. Nf3 Nc6 3. Bf4 Bg4 4. e3 e6 5. Be2 Nf6 6. O-O Bd6 7. Bxd6 Qxd6 8.
c3 O-O 9. Nbd2 Rfe8 10. Bb5 a6 11. Bxc6 Qxc6 12. Ne5 Bxd1 13. Nxc6 Ba4 14. Ne5
Bb5 15. Rfe1 Rad8 16. a4 Bc6 17. Nb3 Rd6 18. Na5 Rb8 19. c4 Be8 20. c5 Rdd8 21.
c6 b6 22. Nb3 Rd6 23. Rac1 Ne4 24. f3 Nf6 25. Rc2 b5 26. Na5 Rb6 27. Nb7 Rdxc6
28. Nxc6 Rxb7 29. axb5 Rxb5 30. Ne5 h6 31. Ra1 a5 32. Rxc7 Rxb2 33. Rxa5 Rb1+
34. Kf2 Rb2+ 35. Kg3 Nh5+ 36. Kh3 f6 37. Ra8 fxe5 38. Rxe8+ Kh7 39. dxe5 Rb6
40. g4 Nf4+ 41. exf4 1-0

[Event "11e Open International de La Fere"]
[Site "La Fere (FRA)"]
[Date "2012.07.07"]
[Round "1.46"]
[White "Sergent, Paul"]
[Black "Pruvost, Alain"]
[Result "0-1"]
[WhiteElo "1430"]
[BlackElo "1604"]
[PlyCount "80"]
[EventDate "2012.??.??"]

1. e4 c5 2. Nf3 Qa5 3. Nc3 Nc6 4. d3 b5 5. Be2 e5 6. d4 b4 7. Nb1 cxd4 8. Nxd4
Bb7 9. O-O Nf6 10. c3 Nxe4 11. Bf3 Nf6 12. Nxc6 Bxc6 13. Bxc6 dxc6 14. cxb4
Bxb4 15. a3 Be7 16. Qf3 Nd5 17. Bd2 Qb6 18. Nc3 Nxc3 19. Bxc3 O-O 20. Rfd1 Rad8
21. Qg3 f6 22. Qg4 c5 23. Ba5 Qxa5 24. Qe6+ Rf7 25. b4 cxb4 26. axb4 Rxd1+ 27.
Rxd1 Bxb4 28. Qc8+ Bf8 29. Qa6 Qb6 30. Qa2 Qc7 31. Qa6 g6 32. h4 Qb7 33. Qa2
Kg7 34. h5 g5 35. Rb1 Qe4 36. Rf1 Qh4 37. g3 Qxh5 38. Kg2 Qg6 39. Qd5 Re7 40.
Qd1 Qe4+ 0-1

[Event "11e Open International de La Fere"]
[Site "La Fere (FRA)"]
[Date "2012.07.07"]
[Round "1.47"]
[White "Van Poucke, Guy"]
[Black "Baillie, Andre"]
[Result "1-0"]
[WhiteElo "1594"]
[BlackElo "1418"]
[PlyCount "39"]
[EventDate "2012.??.??"]

1. e4 c6 2. d4 d5 3. e5 Bf5 4. Nf3 e6 5. Bd3 Bxd3 6. Qxd3 Nd7 7. O-O Ne7 8. b3
Ng6 9. c4 dxc4 10. bxc4 Nb6 11. Nc3 Be7 12. c5 Bxc5 13. Ne4 Be7 14. Bg5 Nd5 15.
Bxe7 Qxe7 16. Nf6+ Kf8 17. Rab1 Nb6 18. a4 a5 19. Rxb6 Rb8 20. Rfb1 1-0

[Event "11e Open International de La Fere"]
[Site "La Fere (FRA)"]
[Date "2012.07.07"]
[Round "1.48"]
[White "Chaignet, Lucas"]
[Black "Paris, Pierre-Julien"]
[Result "1/2-1/2"]
[WhiteElo "1411"]
[BlackElo "1592"]
[PlyCount "110"]
[EventDate "2012.??.??"]

1. e4 c6 2. d4 d5 3. Nc3 dxe4 4. Nxe4 Nd7 5. Bc4 e6 6. Bf4 Ndf6 7. Nxf6+ Nxf6
8. Nf3 Be7 9. Qd2 O-O 10. O-O b5 11. Bd3 a6 12. a4 Bb7 13. Ne5 Kh8 14. axb5
cxb5 15. Be2 Nd5 16. Bf3 Rc8 17. c3 a5 18. Rfc1 Ba6 19. Be2 Nxf4 20. Qxf4 Kg8
21. Qf3 Qc7 22. Bd3 Bf6 23. Ng4 Bg5 24. Re1 Rce8 25. Ne5 Bf6 26. Nc6 a4 27. Nb4
Qb6 28. Nxa6 Qxa6 29. Qh5 g6 30. Qxb5 Qd6 31. Qxa4 e5 32. f4 Qb6 33. Bb5 Re7
34. Qb4 exf4 35. Rxe7 Bxe7 36. Qxe7 Qxb5 37. Rb1 Re8 38. Qh4 Qd3 39. Rf1 Re4
40. Qf2 g5 41. Re1 f5 42. h4 g4 43. Rxe4 Qxe4 44. Kf1 g3 45. Qd2 Kf7 46. b4 Kg6
47. Qe1 Qc6 48. Qd2 Qe4 49. Qe2 Qb1+ 50. Qe1 Qd3+ 51. Kg1 Kh5 52. Qe8+ Kxh4 53.
Qe7+ Kg4 54. Qg7+ Kh4 55. Qxh7+ Kg4 1/2-1/2

[Event "11e Open International de La Fere"]
[Site "La Fere (FRA)"]
[Date "2012.07.07"]
[Round "1.49"]
[White "Ternisien, Clement"]
[Black "Bouguettouche, Didier"]
[Result "1-0"]
[WhiteElo "1580"]
[BlackElo "1406"]
[PlyCount "83"]
[EventDate "2012.??.??"]

1. d4 d5 2. c4 dxc4 3. Bf4 e6 4. Nc3 Bd6 5. Bxd6 Qxd6 6. e3 Nf6 7. Bxc4 Qb4 8.
Bb3 Ne4 9. Nge2 O-O 10. O-O Nxc3 11. Nxc3 Qe7 12. Rc1 Rd8 13. Ne4 c6 14. Qd3 b6
15. Bc2 Ba6 16. Qc3 Bxf1 17. Kxf1 a5 18. Qd3 g6 19. Qc3 Rf8 20. d5 f5 21. d6
Qd7 22. Nf6+ Rxf6 23. Qxf6 Qxd6 24. Rd1 Nd7 25. Qxg6+ hxg6 26. Rxd6 Rd8 27. Bb3
Kf7 28. Bxe6+ Ke7 29. Rxd7+ Rxd7 30. Bxd7 Kxd7 31. Ke2 Ke6 32. b3 c5 33. a4 Kd5
34. Kd3 Kc6 35. Kc4 Kd6 36. Kb5 Kc7 37. h3 Kb7 38. g4 fxg4 39. hxg4 g5 40. f4
gxf4 41. exf4 Ka7 42. f5 1-0

[Event "11e Open International de La Fere"]
[Site "La Fere (FRA)"]
[Date "2012.07.07"]
[Round "1.50"]
[White "Seven, Corentin"]
[Black "Huyet, Yannick"]
[Result "0-1"]
[WhiteElo "1400"]
[BlackElo "1569"]
[PlyCount "76"]
[EventDate "2012.??.??"]

1. e4 c5 2. c4 Nc6 3. Nf3 e6 4. Nc3 d6 5. d3 Nf6 6. Be3 Be7 7. Qd2 Bd7 8. Be2
a6 9. O-O O-O 10. Rae1 Qc7 11. a3 Rfb8 12. Rb1 b5 13. b3 b4 14. axb4 Rxb4 15.
Ng5 Rab8 16. Qc2 Qb7 17. f4 Rxb3 18. Rxb3 Qxb3 19. Qxb3 Rxb3 20. Rc1 h6 21. Nf3
Nb4 22. Bd1 Rb2 23. Ne1 Ng4 24. Bxg4 Bf6 25. Nd1 Rb3 26. Be2 a5 27. Bd2 a4 28.
Bxb4 Bd4+ 29. Kh1 cxb4 30. Nc2 Bc3 31. Na1 Ra3 32. Ne3 Rxa1 33. Rxa1 Bxa1 34.
Nc2 b3 35. Na3 Bb2 36. Nb1 a3 37. Nxa3 Bxa3 38. Bd1 Ba4 0-1

[Event "11e Open International de La Fere"]
[Site "La Fere (FRA)"]
[Date "2012.07.07"]
[Round "1.51"]
[White "Chachiachvili, Loma"]
[Black "Godart, Clara"]
[Result "1-0"]
[WhiteElo "1397"]
[BlackElo "1266"]
[PlyCount "61"]
[EventDate "2012.??.??"]

1. e4 e6 2. d4 d5 3. exd5 exd5 4. Bd3 c5 5. Nf3 Nc6 6. Be3 Nf6 7. O-O Be7 8.
Nc3 O-O 9. Re1 Bg4 10. Be2 c4 11. h3 Bxf3 12. Bxf3 Qd6 13. Nb5 Qb4 14. Nc7 Rad8
15. b3 Qb6 16. Bf4 Bd6 17. Nxd5 Nxd5 18. Bxd6 Rxd6 19. bxc4 Nc3 20. c5 Qd8 21.
Qd2 Rxd4 22. Qxc3 Qf6 23. Re3 Rfd8 24. g3 Qf5 25. Bg4 Rd1+ 26. Bxd1 Qxh3 27.
Rd3 h6 28. Rxd8+ Nxd8 29. Qd4 Ne6 30. Qd7 Nxc5 31. Qxh3 1-0

[Event "11e Open International de La Fere"]
[Site "La Fere (FRA)"]
[Date "2012.07.07"]
[Round "1.52"]
[White "Lamotte, Estelle"]
[Black "Voiculescu-Holvad, Stefan"]
[Result "0-1"]
[WhiteElo "1210"]
[BlackElo "1390"]
[PlyCount "79"]
[EventDate "2012.??.??"]

1. e4 c5 2. Nf3 e6 3. d4 cxd4 4. Nxd4 a6 5. Nc3 Qc7 6. Bd3 Nf6 7. Be3 Bb4 8.
Nde2 d5 9. Bd2 dxe4 10. Nxe4 Bxd2+ 11. Qxd2 Nxe4 12. Bxe4 O-O 13. O-O e5 14.
Rad1 Be6 15. a3 Nc6 16. c3 Rad8 17. Qc2 f5 18. Rxd8 Nxd8 19. Bf3 e4 20. Bxe4
fxe4 21. Qxe4 Qc6 22. Qh4 Qc4 23. Qh5 Bg4 24. Qe5 Qxe2 25. Qxe2 Bxe2 26. Re1
Bb5 27. h3 Re8 28. Rd1 Kf7 29. b3 Ne6 30. a4 Bc6 31. b4 Rd8 32. Re1 Kf6 33. c4
Bxa4 34. g4 Rd1 35. Rxd1 Bxd1 36. Kg2 g5 37. c5 Nf4+ 38. Kg3 Ke5 39. f3 Kd4 40.
h4 0-1

[Event "11e Open International de La Fere"]
[Site "La Fere (FRA)"]
[Date "2012.07.07"]
[Round "1.53"]
[White "Torck, Antoine"]
[Black "Galoppa, Antoine"]
[Result "1-0"]
[WhiteElo "1380"]
[BlackElo "1190"]
[PlyCount "105"]
[EventDate "2012.??.??"]

1. e4 e5 2. Nf3 Nc6 3. Bc4 Nf6 4. Ng5 d5 5. exd5 Nxd5 6. Qf3 Be6 7. Nxe6 fxe6
8. Nc3 Ncb4 9. Bb3 Nf4 10. d3 Nfd5 11. Nxd5 exd5 12. Qh5+ g6 13. Qxe5+ Qe7 14.
Qxe7+ Bxe7 15. a3 Na6 16. Bxd5 O-O-O 17. Bc4 Bc5 18. Bxa6 bxa6 19. Be3 Rhe8 20.
Kd2 Bxe3+ 21. fxe3 Rf8 22. Rhf1 Kd7 23. Rxf8 Rxf8 24. Ke2 Ke6 25. Rf1 Rf5 26.
Rxf5 Kxf5 27. Kf3 g5 28. h3 h5 29. g4+ hxg4+ 30. hxg4+ Ke5 31. d4+ Kd5 32. b3
c5 33. dxc5 Kxc5 34. Ke4 a5 35. Kf5 Kd5 36. e4+ Kd4 37. e5 Kc3 38. e6 Kxc2 39.
e7 Kxb3 40. e8=Q Kxa3 41. Qe7+ Kb3 42. Qxa7 a4 43. Kxg5 a3 44. Kf5 a2 45. g5
Kb2 46. g6 a1=Q 47. Qxa1+ Kxa1 48. g7 Kb2 49. g8=Q Kc1 50. Qg2 Kd1 51. Ke4 Ke1
52. Ke3 Kd1 53. Qd2# 1-0

[Event "11e Open International de La Fere"]
[Site "La Fere (FRA)"]
[Date "2012.07.07"]
[Round "1.54"]
[White "Galoppa, Camille"]
[Black "Bohr, Frederic"]
[Result "0-1"]
[WhiteElo "1190"]
[BlackElo "1370"]
[PlyCount "46"]
[EventDate "2012.??.??"]

1. e4 e5 2. Nf3 Nf6 3. Nc3 Nc6 4. Bc4 Be7 5. O-O O-O 6. d3 d6 7. Bd2 a6 8. h3
b5 9. Bd5 Bb7 10. Bxc6 Bxc6 11. Be3 b4 12. Ne2 Bb7 13. c3 d5 14. cxb4 Bxb4 15.
Nxe5 dxe4 16. dxe4 Bxe4 17. Nc6 Bxc6 18. Qb3 Qe7 19. Rad1 Bd6 20. Rfe1 Qe5 21.
g3 Qe4 22. f3 Qxf3 23. Kh2 Qg2# 0-1

[Event "11e Open International de La Fere"]
[Site "La Fere (FRA)"]
[Date "2012.07.07"]
[Round "1.55"]
[White "Bourgeois-Copigny, Yann"]
[Black "Tonneau, Antoine"]
[Result "1-0"]
[WhiteElo "1370"]
[BlackElo "1150"]
[PlyCount "21"]
[EventDate "2012.??.??"]

1. d4 f5 2. c4 c6 3. Nc3 e6 4. e4 Nf6 5. Bd3 fxe4 6. Nxe4 Nxe4 7. Bxe4 b6 8.
Qh5+ Ke7 9. Bg5+ Kd6 10. Bxd8 Be7 11. Qe5# 1-0

[Event "11e Open International de La Fere"]
[Site "La Fere (FRA)"]
[Date "2012.07.08"]
[Round "2.2"]
[White "Georgiev, Vladimir"]
[Black "Thomas, Olivier"]
[Result "1-0"]
[WhiteElo "2562"]
[BlackElo "1998"]
[PlyCount "97"]
[EventDate "2012.??.??"]

1. d4 Nf6 2. c4 g6 3. Nc3 Bg7 4. e4 d6 5. h3 O-O 6. Bg5 Na6 7. Bd3 e5 8. d5 Qe8
9. Nge2 Nd7 10. g4 Ndc5 11. Bc2 f5 12. gxf5 gxf5 13. Rg1 Kh8 14. exf5 Nb4 15.
Ng3 e4 16. Be3 Ncd3+ 17. Bxd3 Nxd3+ 18. Kd2 Bxf5 19. Nxf5 Rxf5 20. Rxg7 Kxg7
21. Qg4+ Qg6 22. Qxe4 Nc5 23. Qd4+ Qf6 24. Rg1+ Kf7 25. Qxf6+ Rxf6 26. Rg4 a6
27. Rh4 h6 28. Bxc5 dxc5 29. Ne4 Rb6 30. b3 Kg6 31. Rg4+ Kf7 32. Nxc5 Re8 33.
Ne6 Rexe6 34. dxe6+ Rxe6 35. Kd3 c5 36. Rf4+ Kg6 37. Rf8 b6 38. f4 Kg7 39. Ra8
a5 40. f5 Re5 41. Rb8 Rxf5 42. Rxb6 Rf2 43. Rb5 Rxa2 44. Rxc5 Ra3 45. Kc3 a4
46. Rb5 axb3 47. Rxb3 Ra5 48. Kb4 Rg5 49. Rf3 1-0

[Event "11e Open International de La Fere"]
[Site "La Fere (FRA)"]
[Date "2012.07.08"]
[Round "2.3"]
[White "Mestdagh, Franck"]
[Black "Jerez Perez, Alfonso"]
[Result "0-1"]
[WhiteElo "1975"]
[BlackElo "2407"]
[PlyCount "30"]
[EventDate "2012.??.??"]

1. d4 Nf6 2. Nf3 g6 3. c4 Bg7 4. Nc3 d5 5. g3 O-O 6. Bg2 dxc4 7. O-O Nc6 8. Qa4
Nd7 9. Qxc4 Nb6 10. Qd3 Nxd4 11. Rd1 Bf5 12. e4 Bg4 13. Qe3 c5 14. Rb1 Nc4 15.
Qf4 Ne2+ 0-1

[Event "11e Open International de La Fere"]
[Site "La Fere (FRA)"]
[Date "2012.07.08"]
[Round "2.4"]
[White "Godart, Francois"]
[Black "Derigny, Philippe"]
[Result "1-0"]
[WhiteElo "2317"]
[BlackElo "1977"]
[PlyCount "73"]
[EventDate "2012.??.??"]

1. d4 Nf6 2. c4 c5 3. d5 e5 4. Nc3 d6 5. e4 Be7 6. g3 h6 7. Bg2 a6 8. a4 a5 9.
Nge2 b6 10. f4 Nbd7 11. h3 Ba6 12. b3 Qc7 13. Be3 h5 14. Qd2 O-O-O 15. O-O-O
Rdf8 16. Rhf1 Ne8 17. f5 Qd8 18. Ng1 Nc7 19. Nf3 Kb8 20. g4 hxg4 21. hxg4 f6
22. Qf2 Rfg8 23. Rh1 Rxh1 24. Rxh1 Rh8 25. Rh5 Rxh5 26. gxh5 Qh8 27. Qh4 Bf8
28. Qg4 Qh7 29. Qg6 Qxg6 30. fxg6 Ne8 31. Bh3 Kc7 32. Nh4 Kd8 33. Be6 Bc8 34.
Nf5 Nb8 35. Bxc8 Kxc8 36. h6 gxh6 37. Bxh6 1-0

[Event "11e Open International de La Fere"]
[Site "La Fere (FRA)"]
[Date "2012.07.08"]
[Round "2.5"]
[White "Koechler, Thomas"]
[Black "Mancini, Mario"]
[Result "0-1"]
[WhiteElo "1960"]
[BlackElo "2282"]
[PlyCount "68"]
[EventDate "2012.??.??"]

1. e4 c5 2. Nf3 e6 3. Nc3 a6 4. a4 d6 5. d4 cxd4 6. Nxd4 Nf6 7. Bc4 Qc7 8. Bb3
Nbd7 9. Bxe6 fxe6 10. Nxe6 Qc4 11. Nxf8 Rxf8 12. Qxd6 Kf7 13. Qd3 Qxd3 14. cxd3
Nc5 15. Ke2 Nb3 16. Ra3 Nd4+ 17. Kf1 Be6 18. Ne2 Nb3 19. f3 Rac8 20. Be3 Rc2
21. Kf2 Rxb2 22. h3 Rc8 23. f4 Rcc2 24. Re1 Bd7 25. g4 Nxg4+ 26. hxg4 Bxg4 27.
Kf1 Rxe2 28. Rxe2 Bxe2+ 29. Ke1 Bxd3 30. Bd4 Rb1+ 31. Kf2 Bxe4 32. Be5 Bc6 33.
Ke2 Nc5 34. Rh3 Rh1 0-1

[Event "11e Open International de La Fere"]
[Site "La Fere (FRA)"]
[Date "2012.07.08"]
[Round "2.6"]
[White "Urbaniak, Patrick"]
[Black "Llaneza Vega, Patricia"]
[Result "0-1"]
[WhiteElo "1918"]
[BlackElo "2225"]
[PlyCount "60"]
[EventDate "2012.??.??"]

1. c4 c5 2. Nc3 Nc6 3. g3 g6 4. Bg2 Bg7 5. Nf3 e5 6. O-O d6 7. d3 Nge7 8. a3 a5
9. Bd2 O-O 10. Rb1 Rb8 11. Nb5 d5 12. cxd5 Nxd5 13. Qb3 Nde7 14. Ng5 b6 15. Qc2
Ba6 16. Nc3 h6 17. Nf3 Rc8 18. Qa4 Nf5 19. Bh3 Bb7 20. e4 Qxd3 21. exf5 Qxf3
22. Bg4 Qd3 23. Rbd1 Nd4 24. Be3 Qa6 25. fxg6 Bc6 26. gxf7+ Kh8 27. Bxc8 Qxc8
28. Qc4 Nf3+ 29. Kg2 Nh4+ 30. Kg1 Qh3 0-1

[Event "11e Open International de La Fere"]
[Site "La Fere (FRA)"]
[Date "2012.07.08"]
[Round "2.7"]
[White "Bardoux, Thierry"]
[Black "Jimenez, Martin"]
[Result "1-0"]
[WhiteElo "2157"]
[BlackElo "1953"]
[PlyCount "47"]
[EventDate "2012.??.??"]

1. d4 d5 2. Nf3 Nf6 3. e3 c6 4. Bd3 Bg4 5. c4 Nbd7 6. cxd5 cxd5 7. Qa4 a6 8.
Ne5 b5 9. Qb3 Qc7 10. O-O Nxe5 11. dxe5 Qxe5 12. a4 bxa4 13. Rxa4 Bc8 14. Bxa6
Bxa6 15. Rxa6 Rxa6 16. Qb5+ Nd7 17. Qxa6 Qb8 18. Bd2 e6 19. Rc1 Ke7 20. b4 Qb6
21. b5 Kf6 22. Rc8 h5 23. Ba5 Qxa6 24. bxa6 1-0

[Event "11e Open International de La Fere"]
[Site "La Fere (FRA)"]
[Date "2012.07.08"]
[Round "2.9"]
[White "Feryn, Benjamin"]
[Black "Vekemans, Sylvain"]
[Result "1-0"]
[WhiteElo "2112"]
[BlackElo "1779"]
[PlyCount "45"]
[EventDate "2012.??.??"]

1. e4 c5 2. Nf3 d6 3. d4 cxd4 4. Nxd4 Nf6 5. Nc3 g6 6. Be3 Bg7 7. Be2 O-O 8.
Qd2 Re8 9. O-O-O Nc6 10. f3 a6 11. g4 Nxd4 12. Bxd4 b5 13. h4 b4 14. Nd5 Nxd5
15. Bxg7 Kxg7 16. exd5 Qb6 17. h5 Rh8 18. hxg6 fxg6 19. Qg5 Ra7 20. Bd3 e5 21.
Qh6+ Kg8 22. Bxg6 Qe3+ 23. Qxe3 1-0